00713nam a2200205 a 4500001001000000003000900010005001700019007000300036008003600039020001800075040002500093082001700118100002500135245015400160260003600314300002700350500005700377504003300434700004000467000020581DO-SdBNP20260305073950.0ta100810s 2017 dr r 000 0 spa d a9789945088526 aDO-SdBNPbspacBNPHU 4aBNPHUbB828j1 aBrea Tió, Héctor10aJosé Martí, Máximo Gómez y Ceferina Chávez :bapuntes históricos y genealógicos /cHéctor Brea Tió ; pròlogo de Frank Moya Pons  aSanto Domingo :bBùho,c2017. a277 p. :bil. ;c26 cm aIncluye datos biográficos del autor en las solapas aBibliografías : p. 275-2771 aMoya Pons, Frank,d1944-ePrólogo